000 00464nam a2200181Ia 4500
001 45968
008 140428s9999 xx 000 0 und d
020 _aNA
040 _cPK-LaUMT
082 _aRHC 891.4394
_bHAD-M
100 _aHadi Hussain, Muhammad
245 _aMaghribi shaihriyyat (Urdu)
_cHadi Hussain, Muhammad
260 _aLahore,Pakistan:
_bMajlas-e-Taraqi Adab,
_c2010
300 _a364 p.
546 _aUR
650 _aWest essays
942 _cBK
999 _c43925
_d43925